| 000 | 00505nam a2200169Ia 4500 | ||
|---|---|---|---|
| 999 |
_c12266 _d12266 |
||
| 003 | OSt | ||
| 005 | 20201021114914.0 | ||
| 008 | 190216s9999||||xx |||||||||||||| ||und|| | ||
| 040 | _coclc | ||
| 082 |
_a894.809 _bNAI/H |
||
| 100 |
_aNair, P K Parameswaran _96023 |
||
| 245 | 0 |
_aHistory Of Malayalam Literature / _cP K Parameswaran Nair |
|
| 260 |
_bSahitya Akademi , _aNew Delhi: _c1967. |
||
| 300 | _a296p | ||
| 650 | _aEnglish | ||
| 942 |
_cBK _2ddc _h894.809 _iNAI/H _k894.809 _mNAI/H |
||